| 000 | 00513nam a2200181 i 4500 | ||
|---|---|---|---|
| 001 | 150143 | ||
| 003 | ES-MaACL | ||
| 005 | 20240612063031.0 | ||
| 007 | t| | ||
| 008 | 071026s1970 sp ||||1| spa d | ||
| 080 | _a86-193.3"19" | ||
| 100 | 1 |
_aVan-Halen, Juan, _d1944- _9138919 |
|
| 245 | 1 | 0 |
_aLugar donde encontrarte "Sonetos en La Mancha" / _cJuan Van-Halen. |
| 260 |
_aMadrid : _bPunta Europa, _c1970. |
||
| 300 |
_a68 p. ; _c22 cm. |
||
| 852 | 4 |
_aES-MaACL _jC-38407 |
|
| 999 |
_c150143 _d150143 |
||